000 00228nam a22000977a 4500
082 _a303.6
_bREA 1990
245 _aReading in Conflict theory
260 _aUnited States
_bGeorge Mason University
_c1990
300 _avar
942 _cBK
999 _c16123
_d16123